Digital System: (Record no. 204059)

MARC details
000 -LEADER
fixed length control field 00772nam a22002177a 4500
005 - DATE AND TIME OF LATEST TRANSACTION
control field 20240709123830.0
010 ## - LCCN (DPL NO)
LC control number ENG-140845
020 ## - INTERNATIONAL STANDARD BOOK NUMBER
Terms of availability 1150.00
International Standard Book Number 9789356062054
035 ## - SYSTEM CONTROL NUMBER
System control number EN-124377
037 ## - SOURCE OF ACQUISITION
Source of stock number/acquisition DBAD
082 ## - DEWEY DECIMAL CLASSIFICATION NUMBER
Classification number 621.3815
Edition number 12
100 ## - MAIN ENTRY--PERSONAL NAME
Personal name Widmer, Neal S.
245 ## - TITLE STATEMENT
Title Digital System:
Remainder of title Principles and Application/
Statement of responsibility, etc By Neal S. Widmer; Greg Moss [and] Ronald J. Tocci
250 ## - EDITION STATEMENT
Edition statement 12
260 ## - PUBLICATION, DISTRIBUTION, ETC. (IMPRINT)
Place of publication, distribution, etc New Delhi
Name of publisher, distributor, etc Pearson
Date of publication, distribution, etc 2021
270 ## - ADDRESS
Address 15th floor,Tower-B,Word Trade Tower,Plot no.1,Block-C sec 16,
City Noida
Postal code 201301
Telephone number 04466540100
Electronic mail address companysecretary.india@pearson.com
300 ## - PHYSICAL DESCRIPTION
Extent 1024p.
Dimensions 25cm(pbk)
700 ## - ADDED ENTRY--PERSONAL NAME
Personal name Moss, Greg
Relator term Author
9 (RLIN) 68301
700 ## - ADDED ENTRY--PERSONAL NAME
Personal name Tocci, Ronald J.
Relator term Author
9 (RLIN) 68302
942 ## - ADDED ENTRY ELEMENTS (KOHA)
Source of classification or shelving scheme Dewey Decimal Classification
Item type English Books
Classification part 621.3815
Call number suffix WID
Edition 12
Holdings
Withdrawn status Lost status Not for loan Collection code Home library Current library Date acquired Source of acquisition Cost, normal purchase price Full call number Barcode Copy number Cost, replacement price Koha item type
      Non-fiction New Police Line New Police Line 09/07/2024 DBAD 1150.00 621.3815 WID EN-124377 1 1150.00 English Books

© Delhi Public Library
Hit Counter
free hit counter